Bacteria: A treatise on structure and function. V 4. The physiology of growth (Record no. 20992)

MARC details
000 -LEADER
fixed length control field 00453nam a2200157Ia 4500
082 ## - DEWEY DECIMAL CLASSIFICATION NUMBER
Classification number 579.22
Item number BAC.4
100 ## - MAIN ENTRY--AUTHOR NAME
Personal name Gunsalus, I C
245 #0 - TITLE STATEMENT
Title Bacteria: A treatise on structure and function. V 4. The physiology of growth
260 ## - PUBLICATION, DISTRIBUTION, ETC. (IMPRINT)
Place of publication New York
Name of publisher Academic
Year of publication 1962
650 ## - SUBJECT ADDED ENTRY--TOPICAL TERM
Topical Term Bacterial physiology
650 ## - SUBJECT ADDED ENTRY--TOPICAL TERM
Topical Term Bacteriology
650 ## - SUBJECT ADDED ENTRY--TOPICAL TERM
Topical Term Microorganisms
700 ## - ADDED ENTRY--PERSONAL NAME
Personal name Stanier, Roger Y
942 ## - ADDED ENTRY ELEMENTS (KOHA)
Koha item type Books
Holdings
Withdrawn status Lost status Damaged status Not for loan Home library Current library Date acquired Full call number Accession Number Koha item type
        RRII Library RRII Library 16/12/2021 579.22 BAC.4 01714 Books